在空白地图上画出北京所有县级行政区Counties in Beijing with an empty map - Statistics

General Stats
  • This quiz has been taken 107 times
  • The average score is 15 of 16
Answers on the Map
Answers color-coded by a green-red scale on the quiz's map according to % correct below.
 
Answer Stats
县级行政区 % Correct
东城区
100%
西城区
100%
海淀区
99%
朝阳区
97%
密云区
97%
大兴区
96%
通州区
94%
石景山区
91%
门头沟区
91%
房山区
91%
怀柔区
91%
丰台区
90%
平谷区
90%
延庆区
88%
顺义区
87%
昌平区
84%
No matching quizzes found
Score Distribution
Percent of People with Each Score
Percentile by Number Answered
Your Score History
You have not taken this quiz